Moses; vol. 1. (Record no. 15741)

000 -LEADER
fixed length control field 00576nam a2200193 a 4500
001 - CONTROL NUMBER
control field :::00014613$&:&@@
003 - CONTROL NUMBER IDENTIFIER
control field OkBaRHE
005 - DATE AND TIME OF LATEST TRANSACTION
control field 20000901140458.0
008 - FIXED-LENGTH DATA ELEMENTS--GENERAL INFORMATION
fixed length control field s1975 j 000 0 eng u
040 ## - CATALOGING SOURCE
Transcribing agency
100 1# - MAIN ENTRY--PERSONAL NAME
Personal name Epp, Theodore H.
245 10 - TITLE STATEMENT
Title Moses; vol. 1.
260 ## - PUBLICATION, DISTRIBUTION, ETC. (IMPRINT)
Place of publication, distribution, etc Lincoln, NE., :
Name of publisher, distributor, etc Back to the Bible
Date of publication, distribution, etc 1975
300 ## - PHYSICAL DESCRIPTION
Extent v. (1-4) ;
Dimensions 22 cm.
650 ## - SUBJECT ADDED ENTRY--TOPICAL TERM
Topical term or geographic name as entry element Bible Old Testament
General subdivision Biography
650 ## - SUBJECT ADDED ENTRY--TOPICAL TERM
Topical term or geographic name as entry element Moses, the Patriarch
942 ## - ADDED ENTRY ELEMENTS (KOHA)
Source of classification or shelving scheme
Koha item type Books
Copies
Source of classification or shelving scheme Permanent Location Full call number Copy number Not for loan Date acquired Shelving location Withdrawn status Damaged status Barcode Koha item type Date last seen Price effective from Lost status
 RHEMA Bible Training CollegeBS 580 .M6E61 2010-04-14General Stacks  14613Books2010-04-142010-04-14